[Event "Fynsmesterskabet "]
[Site "Odense"]
[Date "2008.02.14"]
[Round "4"]
[White "Rasmussen, Knud Aage"]
[Black "Hansen, Rene Rauer"]
[Result "0-1"]
[WhiteElo "1741"]
[BlackElo "1876"]
[PlyCount "80"]
[EventDate "2008.??.??"]
[EventType "swiss"]
[EventRounds "7"]
[EventCountry "DEN"]

1. Nf3 c5 2. c4 Nc6 3. Nc3 g6 4. g3 Bg7 5. Bg2 e6 6. e4 Nge7 7. O-O O-O 8. d3
a6 9. Be3 d6 10. d4 cxd4 11. Nxd4 Qc7 12. Rc1 Bd7 13. b3 Rad8 14. f4 Rfe8 15.
Qd2 Nxd4 16. Bxd4 Bc6 17. Qf2 Bxd4 18. Qxd4 Qa5 19. Rf2 b5 20. cxb5 axb5 21. b4
Qa8 22. a4 bxa4 23. b5 Bb7 24. Nxa4 d5 25. exd5 Bxd5 26. Bxd5 Rxd5 27. Qb4 Red8
28. Nc3 R5d6 29. Qa4 Qxa4 30. Nxa4 Nd5 31. Rfc2 Kg7 32. Kf2 Nb4 33. Rc3 Nd3+
34. Rxd3 Rxd3 35. b6 Rb3 36. Rc6 Rd2+ 37. Ke1 Ra2 38. Nc3 Rc2 39. b7 Rxb7 40.
Kd1 Rxh2 0-1

[Event "Fynsmesterskabet "]
[Site "Odense"]
[Date "2008.02.14"]
[Round "4"]
[White "Schmidt, Jorn"]
[Black "Moestrup, Jorn"]
[Result "0-1"]
[WhiteElo "1801"]
[BlackElo "2032"]
[PlyCount "76"]
[EventDate "2008.??.??"]
[EventType "swiss"]
[EventRounds "7"]
[EventCountry "DEN"]

1. f4 d5 2. g3 c5 3. Bg2 Nc6 4. Nf3 g6 5. O-O Bg7 6. d3 Nf6 7. Nc3 O-O 8. e4 d4
9. Nb1 e6 10. a4 a6 11. Nbd2 Rb8 12. Nc4 b5 13. Nce5 Bb7 14. axb5 axb5 15. Nxc6
Bxc6 16. Ne5 Bb7 17. Bd2 Nd7 18. Nf3 Ra8 19. Qe2 Re8 20. g4 Qb6 21. Qf2 Rxa1
22. Rxa1 c4 23. Qe1 Nc5 24. Bb4 Rc8 25. Bxc5 Qxc5 26. Qe2 Qb4 27. Rb1 cxd3 28.
cxd3 Bf8 29. Ne1 Qb3 30. Qd1 Qxd1 31. Rxd1 b4 32. Kf1 b3 33. Ke2 Bb4 34. Ra1
Bxe1 35. Kxe1 Rc2 36. Bf3 Rxb2 37. Ra7 Bc6 38. Bd1 Ra2 0-1

[Event "Fynsmesterskabet "]
[Site "Odense"]
[Date "2008.02.14"]
[Round "4"]
[White "Sorensen, Per Smidt"]
[Black "Friis, Carsten Bank"]
[Result "1/2-1/2"]
[WhiteElo "2017"]
[BlackElo "2270"]
[PlyCount "58"]
[EventDate "2008.??.??"]
[EventType "swiss"]
[EventRounds "7"]
[EventCountry "DEN"]

1. Nf3 d5 2. c4 c6 3. g3 Nf6 4. Bg2 dxc4 5. O-O Nbd7 6. a4 Nc5 7. Qc2 Nb3 8.
Ra3 e5 9. Ra2 Nd4 10. Nxd4 Qxd4 11. a5 e4 12. a6 b5 13. b3 Be6 14. Bb2 Qd7 15.
bxc4 Bxc4 16. Bxf6 Bxa2 17. Ba1 Bd5 18. Nc3 Be7 19. Nxd5 cxd5 20. Bxg7 Rg8 21.
Qb2 Rc8 22. d3 f5 23. Bh3 Kf7 24. Bd4 exd3 25. exd3 Bc5 26. Be5 Rg6 27. Qb3
Rxa6 28. d4 Ra3 29. Qb1 Be7 1/2-1/2

[Event "Fynsmesterskabet "]
[Site "Odense"]
[Date "2008.02.14"]
[Round "4"]
[White "Svendsen, Mads Bilde"]
[Black "Hansen, Mads"]
[Result "1/2-1/2"]
[WhiteElo "2098"]
[BlackElo "1880"]
[PlyCount "33"]
[EventDate "2008.??.??"]
[EventType "swiss"]
[EventRounds "7"]
[EventCountry "DEN"]

1. d4 Nf6 2. c4 e6 3. Nc3 Bb4 4. f3 d5 5. a3 Bxc3+ 6. bxc3 c5 7. cxd5 Nxd5 8.
dxc5 Qa5 9. e4 Ne7 10. Be3 O-O 11. Qb3 Qc7 12. a4 e5 13. Rb1 Nec6 14. Bb5 Na5
15. Qb4 Na6 16. Bxa6 bxa6 17. c6 1/2-1/2

[Event "Fynsmesterskabet "]
[Site "Odense"]
[Date "2008.02.14"]
[Round "4"]
[White "Veise, Svend"]
[Black "Sorensen, Jimmy F"]
[Result "1-0"]
[WhiteElo "1835"]
[BlackElo "1517"]
[PlyCount "87"]
[EventDate "2008.??.??"]
[EventType "swiss"]
[EventRounds "7"]
[EventCountry "DEN"]

1. d4 f5 2. Bf4 Nf6 3. e3 e6 4. Nf3 Bb4+ 5. c3 Be7 6. h3 d6 7. Bc4 d5 8. Bd3
Ne4 9. Ne5 O-O 10. O-O Qe8 11. Nd2 c5 12. Ndf3 Nd7 13. Bb5 a6 14. Qa4 Nef6 15.
Bg5 Qd8 16. Bxd7 Nxd7 17. Bxe7 Qxe7 18. Nxd7 Bxd7 19. Qc2 c4 20. Ne5 Be8 21. b4
cxb3 22. axb3 Rc8 23. Rfc1 Rf6 24. Qd2 Qf8 25. f4 h6 26. c4 g5 27. cxd5 Rxc1+
28. Rxc1 exd5 29. Rc8 Qe7 30. Qc2 Rf8 31. Qc7 Qxc7 32. Rxc7 Bc6 33. Nxc6 bxc6
34. Rxc6 gxf4 35. exf4 Rb8 36. Rd6 Rb5 37. Rxa6 Rb4 38. Rf6 Rxd4 39. Rxf5 Rd1+
40. Kf2 d4 41. Rd5 d3 42. Kg3 d2 43. Kf2 Kg7 44. Ke2 1-0

[Event "Fynsmesterskabet "]
[Site "Odense"]
[Date "2008.02.21"]
[Round "5"]
[White "Cappelen, Niels Henrik"]
[Black "Schmidt, Jorn"]
[Result "0-1"]
[WhiteElo "1634"]
[BlackElo "1801"]
[PlyCount "56"]
[EventDate "2008.??.??"]
[EventType "swiss"]
[EventRounds "7"]
[EventCountry "DEN"]

1. e4 e5 2. Nf3 f5 3. d3 Nc6 4. Bd2 Nf6 5. Nc3 d5 6. Nxd5 Nxd5 7. exd5 Qxd5 8.
Bc3 Be7 9. Be2 Be6 10. O-O g5 11. Qd2 O-O-O 12. Qe3 Bf6 13. Rfe1 g4 14. Nd2
Rhg8 15. f4 exf4 16. Qxf4 Bg5 17. Qf2 h5 18. Nc4 f4 19. Bf1 Rdf8 20. Ne5 f3 21.
Nxc6 Qxc6 22. Re5 Bd5 23. Qd4 f2+ 24. Kh1 Bxg2+ 25. Bxg2 f1=Q+ 26. Rxf1 Rxf1+
27. Qg1 Rxg1+ 28. Kxg1 Qb6+ 0-1

[Event "Fynsmesterskabet "]
[Site "Odense"]
[Date "2008.02.21"]
[Round "5"]
[White "Drost, Allan"]
[Black "Hansen, Martin Strandby"]
[Result "0-1"]
[WhiteElo "1860"]
[BlackElo "2072"]
[PlyCount "58"]
[EventDate "2008.??.??"]
[EventType "swiss"]
[EventRounds "7"]
[EventCountry "DEN"]

1. e4 e6 2. d4 d5 3. e5 c5 4. Nf3 Nc6 5. c3 Bd7 6. Be3 Qb6 7. Qd2 Rc8 8. Be2
cxd4 9. cxd4 Na5 10. Nc3 Nc4 11. Bxc4 Rxc4 12. O-O Bb4 13. a3 Bxc3 14. bxc3 Qc7
15. Rab1 Ne7 16. Rfc1 O-O 17. Bg5 Ng6 18. h4 f6 19. exf6 gxf6 20. h5 fxg5 21.
hxg6 h6 22. Ne5 Ra4 23. Qe2 Kg7 24. Rb3 Be8 25. Nd3 b6 26. Qxe6 Bxg6 27. Ne5
Bf7 28. Qg4 Qxe5 29. Qd7 Qe8 0-1

[Event "Fynsmesterskabet "]
[Site "Odense"]
[Date "2008.02.21"]
[Round "5"]
[White "Frederiksen, Jens"]
[Black "Furrer, Heinz"]
[Result "1/2-1/2"]
[WhiteElo "1431"]
[BlackElo "1779"]
[PlyCount "52"]
[EventDate "2008.??.??"]
[EventType "swiss"]
[EventRounds "7"]
[EventCountry "DEN"]

1. c4 Nf6 2. Nc3 g6 3. Nf3 Bg7 4. g3 d6 5. Bg2 c6 6. O-O O-O 7. d3 Na6 8. a3
Bd7 9. Rb1 Qc8 10. Re1 Nc5 11. e4 Bg4 12. e5 Ne8 13. exd6 exd6 14. Ne4 Ne6 15.
h3 Bxf3 16. Bxf3 N6c7 17. Bg2 d5 18. cxd5 Nxd5 19. Kh2 Qc7 20. Bg5 h6 21. Bd2
Nef6 22. Nxf6+ Nxf6 23. Qc1 Kh7 24. Bf4 Qd7 25. Qd1 Rfd8 26. Qb3 b6 1/2-1/2

[Event "Fynsmesterskabet "]
[Site "Odense"]
[Date "2008.02.21"]
[Round "5"]
[White "Frimodt, Michael"]
[Black "Pallesen, Jorn"]
[Result "1/2-1/2"]
[WhiteElo "1416"]
[BlackElo "1514"]
[PlyCount "59"]
[EventDate "2008.??.??"]
[EventType "swiss"]
[EventRounds "7"]
[EventCountry "DEN"]

1. e4 c5 2. Nf3 g6 3. c3 Bg7 4. d4 Nf6 5. e5 Ne4 6. Bd3 f5 7. O-O d5 8. exd6
exd6 9. dxc5 d5 10. Re1 O-O 11. Bxe4 fxe4 12. Nd4 Qh4 13. Be3 Be5 14. Nf3 exf3
15. Qxd5+ Rf7 16. Qxe5 Nc6 17. Qg5 Qxg5 18. Bxg5 Bd7 19. Nd2 fxg2 20. Kxg2 Raf8
21. f3 Rf5 22. Be3 Ne5 23. Rad1 Nxf3 24. Nxf3 Bc6 25. Kg1 Bxf3 26. Bh6 Bxd1 27.
Bxf8 Rg5+ 28. Kf2 Rf5+ 29. Ke3 Kxf8 30. Rxd1 1/2-1/2

[Event "Fynsmesterskabet "]
[Site "Odense"]
[Date "2008.02.21"]
[Round "5"]
[White "Furrer, Christian"]
[Black "Caceres, Cipriano Sande"]
[Result "1-0"]
[WhiteElo "1147"]
[BlackElo "1502"]
[PlyCount "103"]
[EventDate "2008.??.??"]
[EventType "swiss"]
[EventRounds "7"]
[EventCountry "DEN"]

1. d4 Nf6 2. c4 e6 3. Nc3 d5 4. Nf3 Nbd7 5. Bg5 Be7 6. e3 h6 7. Bh4 c6 8. Bd3
dxc4 9. Bxc4 Nb6 10. Bd3 Nbd5 11. Nxd5 exd5 12. h3 Qa5+ 13. Nd2 g5 14. Bg3 Bb4
15. a3 Bxd2+ 16. Qxd2 Qxd2+ 17. Kxd2 Ne4+ 18. Bxe4 dxe4 19. b4 a6 20. Be5 Rg8
21. Ke2 Ke7 22. Bc7 Be6 23. g3 Rg6 24. Rac1 Kd7 25. Bb6 h5 26. Rc5 Bd5 27. h4
g4 28. Rhc1 Re8 29. Rf1 Ree6 30. Rfc1 Rgf6 31. Rg1 Rf5 32. Rg2 Ref6 33. Ke1 Bb3
34. Ke2 Ba4 35. Ke1 Kd6 36. Bd8 b6 37. Rxf5 Rxf5 38. Bxb6 Kd5 39. Kd2 Kc4 40.
Bc5 Kb3 41. Rh2 Bb5 42. Bd6 Kxa3 43. Kc3 Rf6 44. Bc5 Rf3 45. Bd6 Rf6 46. Bc5
Re6 47. Rh1 Ka2 48. Rd1 Bd3 49. Rd2+ Ka1 50. Rd1+ Bb1 51. Kb3 Re8 52. d5 1-0

[Event "Fynsmesterskabet "]
[Site "Odense"]
[Date "2008.02.21"]
[Round "5"]
[White "Hansen, Rene Rauer"]
[Black "Dyrgaard, Kristoffer"]
[Result "1/2-1/2"]
[WhiteElo "1876"]
[BlackElo "2127"]
[PlyCount "48"]
[EventDate "2008.??.??"]
[EventType "swiss"]
[EventRounds "7"]
[EventCountry "DEN"]

1. e4 c5 2. Nf3 Nc6 3. d4 cxd4 4. Nxd4 Nf6 5. Nc3 e5 6. Ndb5 d6 7. Bg5 a6 8.
Na3 b5 9. Nd5 Be7 10. Bxf6 Bxf6 11. c3 Rb8 12. Nc2 Bg5 13. a4 bxa4 14. Ncb4
Nxb4 15. Nxb4 Bd7 16. Bxa6 Qa5 17. Qxd6 Rb6 18. Qd3 Be7 19. Nd5 Rxb2 20. O-O
Qc5 21. Rab1 Rxb1 22. Rxb1 O-O 23. Bb5 Be6 24. Bxa4 Rc8 1/2-1/2

[Event "Fynsmesterskabet "]
[Site "Odense"]
[Date "2008.02.21"]
[Round "5"]
[White "Jorgensen, Peter Frank"]
[Black "Nielsen, Villy"]
[Result "1-0"]
[WhiteElo "1493"]
[BlackElo "1128"]
[PlyCount "59"]
[EventDate "2008.??.??"]
[EventType "swiss"]
[EventRounds "7"]
[EventCountry "DEN"]

1. e4 e5 2. Nf3 Nc6 3. Bc4 h6 4. Nc3 Nf6 5. Nd5 Nxe4 6. Qe2 f5 7. d3 Nf6 8.
Nxe5 Nxd5 9. Nxc6+ Be7 10. Nxd8 Kxd8 11. Bxd5 Re8 12. O-O Bf6 13. Qh5 c6 14.
Bf7 Re7 15. c3 d6 16. Bf4 Be5 17. Bxe5 Rxe5 18. Qh4+ Kc7 19. Rfe1 Rxe1+ 20.
Rxe1 Bd7 21. d4 b6 22. f4 c5 23. d5 b5 24. Qe7 Rd8 25. Re6 Kc8 26. Qxd6 Bxe6
27. Bxe6+ Kb7 28. Qxd8 b4 29. Bc8+ Kb8 30. Ba6# 1-0

[Event "Fynsmesterskabet "]
[Site "Odense"]
[Date "2008.02.21"]
[Round "5"]
[White "Lindenskov, Bjarne"]
[Black "Kjeldsen, Anton"]
[Result "1-0"]
[WhiteElo "1804"]
[BlackElo "1655"]
[PlyCount "55"]
[EventDate "2008.??.??"]
[EventType "swiss"]
[EventRounds "7"]
[EventCountry "DEN"]

1. d4 Nf6 2. c4 e6 3. Nf3 g6 4. Nc3 Bg7 5. g3 O-O 6. Bg2 a6 7. O-O c6 8. e4 d5
9. e5 Ne8 10. Be3 dxc4 11. a4 Nc7 12. Qd2 c5 13. Bh6 cxd4 14. Ne4 Nc6 15. Bxg7
Kxg7 16. Nd6 f6 17. exf6+ Qxf6 18. Nxc4 Rb8 19. Rae1 Rf7 20. Nfe5 Nxe5 21. Nxe5
Re7 22. Ng4 Qf7 23. Qxd4+ Kf8 24. Re3 Qg7 25. Qd8+ Ne8 26. Ne5 b5 27. Rc1 Bd7
28. Qxb8 1-0

[Event "Fynsmesterskabet "]
[Site "Odense"]
[Date "2008.02.21"]
[Round "5"]
[White "Madsen, Michael B"]
[Black "Andreasen, Rene"]
[Result "1-0"]
[WhiteElo "1917"]
[BlackElo "1670"]
[PlyCount "69"]
[EventDate "2008.??.??"]
[EventType "swiss"]
[EventRounds "7"]
[EventCountry "DEN"]

1. e4 c6 2. d4 d5 3. e5 c5 4. Nf3 Nc6 5. dxc5 Bg4 6. Bb5 e6 7. b4 Nge7 8. c3
Ng6 9. Qa4 Qc7 10. Nbd2 Ngxe5 11. Nd4 a6 12. f4 Rc8 13. O-O axb5 14. Nxb5 Qd7
15. fxe5 Nxe5 16. Re1 Nd3 17. Re3 Nxc1 18. Rxc1 Bh5 19. c4 d4 20. Re4 Be7 21.
Rxd4 Qc6 22. Nd6+ Bxd6 23. Qxc6+ Rxc6 24. cxd6 Kd7 25. Ne4 b6 26. b5 Rcc8 27.
c5 bxc5 28. Nxc5+ Kd8 29. Nb7+ Kd7 30. Rdc4 Rxc4 31. Rxc4 Rc8 32. Rxc8 Kxc8 33.
Nc5 Be2 34. b6 Bb5 35. a4 1-0

[Event "Fynsmesterskabet "]
[Site "Odense"]
[Date "2008.02.21"]
[Round "5"]
[White "Moestrup, Jorn"]
[Black "Veise, Svend"]
[Result "1-0"]
[WhiteElo "2032"]
[BlackElo "1835"]
[PlyCount "75"]
[EventDate "2008.??.??"]
[EventType "swiss"]
[EventRounds "7"]
[EventCountry "DEN"]

1. Nf3 d5 2. d4 Nf6 3. c4 e6 4. Nc3 Be7 5. Bg5 h6 6. Bh4 O-O 7. e3 Re8 8. Bd3
c6 9. O-O dxc4 10. Bxc4 Nbd7 11. Rc1 Nd5 12. Bg3 a6 13. e4 Nxc3 14. Rxc3 Nf8
15. Qc2 Bd6 16. Rd1 Bxg3 17. hxg3 b5 18. Bb3 Bb7 19. Ne5 Rc8 20. Nxc6 Bxc6 21.
Rxc6 Qd7 22. Rc1 Rb8 23. d5 exd5 24. exd5 a5 25. Rc7 Qd6 26. Qf5 Re7 27. R1c6
Qxc7 28. Rxc7 Rxc7 29. a4 bxa4 30. Bxa4 Rxb2 31. d6 Rc1+ 32. Kh2 Rbb1 33. g4
Rb8 34. d7 Rd8 35. Qxa5 Ne6 36. f4 Rc5 37. Qb6 g6 38. Bb3 1-0

[Event "Fynsmesterskabet "]
[Site "Odense"]
[Date "2008.02.21"]
[Round "5"]
[White "Nielsen, Jan"]
[Black "Rasmussen, Erling"]
[Result "0-1"]
[WhiteElo "1416"]
[BlackElo "1648"]
[PlyCount "44"]
[EventDate "2008.??.??"]
[EventType "swiss"]
[EventRounds "7"]
[EventCountry "DEN"]

1. e4 d6 2. Nc3 f5 3. d3 Nf6 4. Bg5 e5 5. Bxf6 Qxf6 6. Nd5 Qf7 7. c4 c6 8. Nc3
Be7 9. Nf3 O-O 10. Be2 fxe4 11. dxe4 Bg4 12. Qd3 Na6 13. O-O Nb4 14. Qd1 Bxf3
15. gxf3 Qf4 16. a3 Rf6 17. Qc1 Qh4 18. Kh1 Nc2 19. Ra2 Rh6 20. Qxh6 Qxh6 21.
Rg1 Rf8 22. b4 Nd4 0-1

[Event "Fynsmesterskabet "]
[Site "Odense"]
[Date "2008.02.21"]
[Round "5"]
[White "Nielsen, Theis"]
[Black "Jensen, Jacob"]
[Result "1-0"]
[WhiteElo "1693"]
[BlackElo "1578"]
[PlyCount "37"]
[EventDate "2008.??.??"]
[EventType "swiss"]
[EventRounds "7"]
[EventCountry "DEN"]

1. e4 e6 2. d4 d5 3. exd5 exd5 4. c4 Bb4+ 5. Nc3 Nc6 6. Nf3 Bg4 7. Be2 Nge7 8.
a3 Bxc3+ 9. bxc3 O-O 10. O-O dxc4 11. Bxc4 Na5 12. Be2 c6 13. Rb1 Qc7 14. Ne5
Be6 15. Qc2 c5 16. Bf4 Qc8 17. Rb5 Nb3 18. Bc4 f6 19. Qxb3 1-0

[Event "Fynsmesterskabet "]
[Site "Odense"]
[Date "2008.02.21"]
[Round "5"]
[White "Pedersen, Jan Nordenbaek"]
[Black "Frantsen, Tom"]
[Result "0-1"]
[WhiteElo "2223"]
[BlackElo "1779"]
[PlyCount "94"]
[EventDate "2008.??.??"]
[EventType "swiss"]
[EventRounds "7"]
[EventCountry "DEN"]

1. d4 Nf6 2. c4 e6 3. Nf3 Bb4+ 4. Bd2 Bxd2+ 5. Qxd2 b6 6. Nc3 Bb7 7. d5 d6 8.
e4 Nbd7 9. Nd4 Qe7 10. Be2 Nc5 11. f3 Nh5 12. O-O e5 13. Nf5 Qf6 14. g3 g6 15.
Nh6 Qg7 16. b4 Nd7 17. Nb5 Kd8 18. a4 a5 19. c5 bxc5 20. bxa5 Nf4 21. Nxf7+
Qxf7 22. gxf4 Qxf4 23. Qc3 Nb8 24. Rab1 Ba6 25. Rb2 Rf8 26. Rfb1 Nd7 27. Kh1 g5
28. Rg1 h5 29. Qd2 Qxd2 30. Rxd2 Bxb5 31. axb5 Rxa5 32. Rxg5 Nf6 33. Rb2 Rg8
34. Rg3 Ra7 35. Kg2 Ke7 36. Kh3 Rf8 37. Rg7+ Rf7 38. Rg5 Rh7 39. Kh4 Ra3 40. b6
cxb6 41. Rxb6 Ra7 42. Bb5 Rf7 43. Rb8 Ra2 44. Rgg8 Nxg8 45. Re8+ Kf6 46. Rxg8
Rxh2+ 47. Kg3 Rb2 0-1

[Event "Fynsmesterskabet "]
[Site "Odense"]
[Date "2008.02.21"]
[Round "5"]
[White "Ploug, Kurt"]
[Black "Hust, Christian Winther"]
[Result "1-0"]
[WhiteElo "1701"]
[BlackElo "1593"]
[PlyCount "89"]
[EventDate "2008.??.??"]
[EventType "swiss"]
[EventRounds "7"]
[EventCountry "DEN"]

1. d4 Nf6 2. c4 e5 3. dxe5 Ng4 4. Nf3 Bc5 5. e3 Nc6 6. a3 a5 7. Bd2 O-O 8. Bc3
Re8 9. Qd5 Qe7 10. Nbd2 Ncxe5 11. Nxe5 Nxe5 12. Ne4 Ba7 13. c5 b6 14. Qxa8 Nc6
15. cxb6 cxb6 16. Ng3 Ba6 17. Qxe8+ Qxe8 18. Bxa6 f6 19. O-O h5 20. Rad1 Bb8
21. Bc4+ Kh8 22. Rd5 Ne5 23. Bxe5 fxe5 24. Bb5 h4 25. Nf5 Qe6 26. e4 d6 27.
Nxh4 Qg4 28. Rd3 Qxe4 29. Rh3 Kg8 30. Rc1 g5 31. Nf3 g4 32. Rg3 Kf8 33. Ng5 Qd5
34. Bf1 Qd2 35. Rc8+ Ke7 36. Rxg4 Qxb2 37. a4 d5 38. Rxb8 e4 39. Rb7+ Kd6 40.
Nf7+ Ke6 41. h4 Kf5 42. Rg5+ Kf6 43. Nd8 Qxf2+ 44. Kxf2 e3+ 45. Kf3 1-0

[Event "Fynsmesterskabet "]
[Site "Odense"]
[Date "2008.02.21"]
[Round "5"]
[White "Rasmussen, Jens"]
[Black "Borsen, Claus"]
[Result "0-1"]
[WhiteElo "1584"]
[BlackElo "1433"]
[PlyCount "136"]
[EventDate "2008.??.??"]
[EventType "swiss"]
[EventRounds "7"]
[EventCountry "DEN"]

1. Nf3 b6 2. d4 e6 3. e4 Bb7 4. Bd3 d5 5. Bb5+ c6 6. Bd3 dxe4 7. Bxe4 Nf6 8.
Bg5 Be7 9. Bxf6 Bxf6 10. O-O O-O 11. c3 Qc7 12. Nbd2 Nd7 13. Re1 Rfd8 14. Nc4
g6 15. Qc2 Bg7 16. Rad1 Nf6 17. Bd3 c5 18. Nce5 Rac8 19. Ng5 Rf8 20. dxc5 Qxc5
21. Qa4 h6 22. Ngxf7 Rxf7 23. Nxf7 Kxf7 24. Qxa7 Rc7 25. b4 Qc6 26. Bf1 Nd5 27.
Rd3 Bf6 28. c4 Nxb4 29. Rde3 Re7 30. a3 Nc2 31. Rxe6 Qc8 32. Rxe7+ Bxe7 33. Re2
Nd4 34. Rxe7+ Kxe7 35. Qxb6 Ne6 36. Qb4+ Kf7 37. Qc3 Qc6 38. Qb4 Nf4 39. f3 Ne6
40. Qc3 Qc5+ 41. Kh1 Qf2 42. Qc1 Nd4 43. c5 Bc6 44. Bc4+ Kg7 45. Qd1 Nf5 46.
Qa1+ Kh7 47. Qe5 Qd2 48. h3 Qc1+ 49. Kh2 Qxc4 50. Qc7+ Ng7 51. Qxc6 Qf4+ 52.
Kg1 Qc1+ 53. Kf2 Qxa3 54. Qd6 Nf5 55. Qd7+ Kg8 56. Qe8+ Kg7 57. Qd7+ Kf6 58.
Qc6+ Kf7 59. Qd7+ Ne7 60. c6 Qc5+ 61. Kf1 Qxc6 62. Qxc6 Nxc6 63. Ke2 Kf6 64.
Ke3 g5 65. g3 Ne5 66. f4 gxf4+ 67. gxf4 Ng6 68. Kf3 Kf5 0-1

[Event "Fynsmesterskabet "]
[Site "Odense"]
[Date "2008.02.21"]
[Round "5"]
[White "Rasmussen, Knud Aage"]
[Black "Kiel, Jorgen"]
[Result "1-0"]
[WhiteElo "1741"]
[BlackElo "1621"]
[PlyCount "59"]
[EventDate "2008.??.??"]
[EventType "swiss"]
[EventRounds "7"]
[EventCountry "DEN"]

1. Nf3 d5 2. g3 Nf6 3. Bg2 g6 4. c4 Bg7 5. O-O O-O 6. cxd5 Nxd5 7. d4 c6 8. e4
Nb6 9. Nc3 Bg4 10. Be3 Qc8 11. Qb3 N8d7 12. h3 Bxf3 13. Bxf3 e6 14. Rac1 Nf6
15. Rfd1 Rd8 16. a4 Qc7 17. d5 exd5 18. exd5 c5 19. Nb5 Qe5 20. d6 c4 21. Qc2
Nfd5 22. Bd4 Qe6 23. Bxg7 Kxg7 24. Bxd5 Nxd5 25. Qxc4 Nf6 26. Qxe6 fxe6 27. Nc7
Kf7 28. Nxa8 Rxa8 29. Rc7+ Kf8 30. d7 1-0

[Event "Fynsmesterskabet "]
[Site "Odense"]
[Date "2008.02.21"]
[Round "5"]
[White "Rostgaard, Tobias Valentin"]
[Black "Nielsen, Chresten Anker"]
[Result "1-0"]
[WhiteElo "1798"]
[BlackElo "1630"]
[PlyCount "49"]
[EventDate "2008.??.??"]
[EventType "swiss"]
[EventRounds "7"]
[EventCountry "DEN"]

1. e4 e5 2. Nf3 Nf6 3. Nxe5 d6 4. Nf3 Nxe4 5. Nc3 d5 6. Qe2 Be6 7. Nxe4 dxe4 8.
Qxe4 c6 9. d4 Nd7 10. Bc4 Nf6 11. Qe2 Nd5 12. O-O Bd6 13. Bxd5 cxd5 14. Ng5 Qf6
15. Nxe6 fxe6 16. Qb5+ Kf7 17. Qxb7+ Kg6 18. Qa6 Bc7 19. Qd3+ Kf7 20. f4 g6 21.
Bd2 Rhf8 22. c3 Kg8 23. Rae1 Qh4 24. g3 Qh3 25. Qa6 1-0

[Event "Fynsmesterskabet "]
[Site "Odense"]
[Date "2008.02.21"]
[Round "5"]
[White "Sorensen, Jimmy F"]
[Black "Hamann, Brian"]
[Result "1/2-1/2"]
[WhiteElo "1517"]
[BlackElo "1687"]
[PlyCount "46"]
[EventDate "2008.??.??"]
[EventType "swiss"]
[EventRounds "7"]
[EventCountry "DEN"]

1. e4 c5 2. Nf3 e6 3. d4 cxd4 4. Nxd4 a6 5. c4 Qc7 6. Nc3 g6 7. Be3 Bg7 8. Rc1
Ne7 9. Be2 Nbc6 10. Nf3 b6 11. Qb3 Rb8 12. O-O d6 13. Rfd1 O-O 14. Qa3 Rd8 15.
b4 Rd7 16. b5 Na5 17. Na4 Bf8 18. Nxb6 Rxb6 19. Qxa5 Rb7 20. Qxc7 Rbxc7 21. c5
dxc5 22. b6 Rxd1+ 23. Rxd1 Rc6 1/2-1/2

[Event "Fynsmesterskabet "]
[Site "Odense"]
[Date "2008.02.21"]
[Round "5"]
[White "Sorensen, Per Smidt"]
[Black "Svendsen, Mads Bilde"]
[Result "1/2-1/2"]
[WhiteElo "2017"]
[BlackElo "2098"]
[PlyCount "48"]
[EventDate "2008.??.??"]
[EventType "swiss"]
[EventRounds "7"]
[EventCountry "DEN"]

1. Nf3 g6 2. g3 Bg7 3. d4 d6 4. Bg2 Nf6 5. O-O O-O 6. c4 Nc6 7. Nc3 Bf5 8. Re1
Ne4 9. Nd5 Bd7 10. b3 f5 11. Bb2 e6 12. Nc3 Qe7 13. e3 Nxc3 14. Bxc3 e5 15. b4
Rae8 16. d5 Nd8 17. Qb3 g5 18. c5 Nf7 19. Rac1 g4 20. Nd2 Qg5 21. cxd6 cxd6 22.
b5 Qh5 23. Bb2 Bxb5 24. a4 Ba6 1/2-1/2

[Event "Fynsmesterskabet "]
[Site "Odense"]
[Date "2008.03.06"]
[Round "6"]
[White "Caceres, Cipriano Sande"]
[Black "Kristensen, Dan Wulff"]
[Result "1-0"]
[WhiteElo "1502"]
[BlackElo "1428"]
[PlyCount "99"]
[EventDate "2008.??.??"]
[EventType "swiss"]
[EventRounds "7"]
[EventCountry "DEN"]

1. c4 Nf6 2. Nc3 Nc6 3. g3 e5 4. Bg2 Bc5 5. e3 d6 6. Nge2 Be6 7. d4 exd4 8.
exd4 Bb6 9. d5 Ng4 10. O-O Nce5 11. dxe6 fxe6 12. Nd4 Qf6 13. Ne4 Qg6 14. h3 h5
15. h4 Nxc4 16. Ng5 Bxd4 17. Qxd4 Nce5 18. Bxb7 Rb8 19. Bg2 O-O 20. Qe4 Rf5 21.
f4 Qf6 22. Qe2 Nf7 23. Nxf7 Kxf7 24. Bh3 Qd4+ 25. Kg2 Rf8 26. Bxg4 hxg4 27.
Qxg4 Ke7 28. Qf3 g5 29. hxg5 Rxg5 30. Qc6 Rc5 31. Qf3 e5 32. Re1 Rc2+ 33. Re2
Rxe2+ 34. Qxe2 Kd7 35. Be3 Qe4+ 36. Qf3 Qc2+ 37. Bf2 exf4 38. Re1 Qc6 39. Qxc6+
Kxc6 40. g4 Kd5 41. Kf3 Kc4 42. Rc1+ Kd3 43. Rxc7 Rb8 44. b3 d5 45. Rxa7 Kc2
46. Ra5 Kb2 47. Rxd5 Kxa2 48. Rd3 Rf8 49. b4 Rb8 50. Bc5 1-0

[Event "Fynsmesterskabet "]
[Site "Odense"]
[Date "2008.03.06"]
[Round "6"]
[White "Drost, Allan"]
[Black "Rasmussen, Knud Aage"]
[Result "1-0"]
[WhiteElo "1860"]
[BlackElo "1741"]
[PlyCount "51"]
[EventDate "2008.??.??"]
[EventType "swiss"]
[EventRounds "7"]
[EventCountry "DEN"]

1. e4 c5 2. Nf3 d6 3. d4 cxd4 4. Nxd4 Nf6 5. Nc3 a6 6. Bg5 e6 7. f4 Be7 8. Qf3
Qc7 9. O-O-O b5 10. f5 e5 11. Bxf6 Bxf6 12. Nd5 Bg5+ 13. Kb1 Qd8 14. h4 Bf6 15.
Bxb5+ axb5 16. Nxb5 O-O 17. Nxf6+ gxf6 18. Nxd6 Qa5 19. a3 Nc6 20. Rh3 Ne7 21.
Qg4+ Ng6 22. h5 Ra7 23. Nxc8 Rxc8 24. fxg6 Re8 25. gxh7+ Kh8 26. Rg3 1-0

[Event "Fynsmesterskabet "]
[Site "Odense"]
[Date "2008.03.06"]
[Round "6"]
[White "Dyrgaard, Kristoffer"]
[Black "Nykjaer, Jess"]
[Result "1-0"]
[WhiteElo "2127"]
[BlackElo "1769"]
[PlyCount "63"]
[EventDate "2008.??.??"]
[EventType "swiss"]
[EventRounds "7"]
[EventCountry "DEN"]

1. e4 c5 2. Nf3 d6 3. d4 cxd4 4. Nxd4 Nf6 5. Nc3 e6 6. g4 h6 7. h4 a6 8. Bg2 e5
9. Nf5 g6 10. Ne3 Nc6 11. Ncd5 Be6 12. g5 hxg5 13. Nxf6+ Qxf6 14. Nd5 Bxd5 15.
Bxg5 Qg7 16. Qxd5 f6 17. Be3 Qf7 18. Qxf7+ Kxf7 19. O-O-O b5 20. Bf3 Nd4 21.
Bxd4 exd4 22. h5 Bh6+ 23. Kb1 Bf4 24. hxg6+ Kxg6 25. Rdg1+ Kf7 26. e5 Rxh1 27.
Bxh1 Rh8 28. Bd5+ Kf8 29. exf6 Be5 30. f7 Bg7 31. Re1 Bf6 32. Re8+ 1-0

[Event "Fynsmesterskabet "]
[Site "Odense"]
[Date "2008.03.06"]
[Round "6"]
[White "Frantsen, Tom"]
[Black "Friis, Carsten Bank"]
[Result "0-1"]
[WhiteElo "1779"]
[BlackElo "2270"]
[PlyCount "68"]
[EventDate "2008.??.??"]
[EventType "swiss"]
[EventRounds "7"]
[EventCountry "DEN"]

1. e4 e5 2. Nf3 Nc6 3. Bb5 a6 4. Bxc6 dxc6 5. O-O Bg4 6. h3 h5 7. d3 Qf6 8. Be3
Bxf3 9. Qxf3 Qxf3 10. gxf3 Bd6 11. Nd2 Ne7 12. Nc4 Ng6 13. d4 Nh4 14. Nd2 exd4
15. Bxd4 O-O-O 16. Be3 Be5 17. Nc4 Nxf3+ 18. Kg2 Nh4+ 19. Kh1 Bf6 20. Rg1 g6
21. Rab1 Rhe8 22. Nd2 Rd7 23. c3 Rd3 24. Rge1 b6 25. Re2 c5 26. a4 Kb7 27. Ra1
Kc6 28. Kg1 g5 29. Kf1 g4 30. hxg4 hxg4 31. a5 b5 32. Nb3 c4 33. Nd2 Rh8 34.
Bf4 Ng6 0-1